Origine des noms des Prix littéraires internationaux - Statistiques

Statistiques générales
  • Ce quiz a été pris 6 fois
  • Le résultat moyen est 7 sur 8
Statistiques - réponses
Hint Réponse % Correct
Journaliste, historien, essayiste, biographe, scénariste, homme de radio et de télévision et ministre français, membre de l'Académie française Alain Decaux
100%
Poète, essayiste, traducteur autrichien Erich Fried
100%
Romancier, dramaturge, conteur et poète danois Hans-Christian Andersen
100%
Chimiste et industriel, fabricant d'armes suédois Nobel
100%
Poétesse, artiste et peintre suisse Pierrette Micheloud
100%
Ecrivain, poète et homme d'Etat sénégalais, membre de l'Académie française Senghor
100%
Peintre, sculpteur, poète français Jean Arp
33%
Industriel, commerçant suisse Charles Veillon
17%
Aucun quiz correspondant
Distribution des résultats
% des personnes avec chaque résultat
Percentile par nombre de réponses
Votre historique - résultats
Vous n’avez pas pris ce quiz